[Event "Netanya op"]
[White "Schnaidman, Itzchak"]
[Black "Feldman, Antony"]
[Site "Netanya"]
[Round "3"]
[Result "0-1"]
[Date "2019.06.25"]
[WhiteElo "1474"]
[BlackElo "1972"]
[PlyCount "44"]
[EventDate "2019.06.23"]
[EventType "swiss"]
[EventRounds "9"]
[EventCountry "ISR"]
[SourceTitle "CBM 191 Extra"]
[Source "ChessBase"]
[SourceDate "2019.09.30"]
[SourceVersion "1"]
[SourceVersionDate "2019.09.30"]
[SourceQuality "1"]

1. d4 g6 2. e4 Bg7 3. Be3 c5 4. c3 Nf6 5. f3 cxd4 6. cxd4 d5 7. Bb5+ Nfd7 8. Qd2 0-0 9. Ne2 dxe4 10. fxe4 Nf6 11. Nbc3 Ng4 12. Bf4 a6 13. Ba4 e5 14. Bg3 exd4 15. Nd5 b5 16. Nxd4 bxa4 17. Bxb8 Rxb8 18. Nc6 Rxb2 19. Nde7+ Kh8 20. Qxd8 Rxd8 21. Nxd8 Bc3+ 22. Kf1 Ne3+ 0-1

[Event "Netanya op"]
[White "Uritsky, Yonathan"]
[Black "Schnaidman, Itzchak"]
[Site "Netanya"]
[Round "2"]
[Result "1-0"]
[Date "2019.06.24"]
[WhiteElo "1984"]
[BlackElo "1474"]
[PlyCount "55"]
[EventDate "2019.06.23"]
[EventType "swiss"]
[EventRounds "9"]
[EventCountry "ISR"]
[SourceTitle "CBM 191 Extra"]
[Source "ChessBase"]
[SourceDate "2019.09.30"]
[SourceVersion "1"]
[SourceVersionDate "2019.09.30"]
[SourceQuality "1"]

1. e4 e5 2. Nf3 Nc6 3. d4 exd4 4. Nxd4 Nf6 5. Nxc6 bxc6 6. e5 Qe7 7. Qe2 Nd5 8. c4 Nb6 9. Nc3 a5 10. Qe4 Bb7 11. Bd3 d5 12. exd6 Qxe4+ 13. Nxe4 cxd6 14. 0-0 d5 15. cxd5 cxd5 16. Bb5+ Nd7 17. Ng5 f6 18. Re1+ Be7 19. Ne6 Bb4 20. Re2 Kf7 21. Bxd7 Ba6 22. Re3 Ra7 23. Ba4 d4 24. Nxd4 Rd8 25. Bb3+ Kg6 26. Rg3+ Kh5 27. Bd1+ Kh4 28. Rh3# 1-0